Countries where French is the Only Official Language - Statistics

General Stats
  • This quiz has been taken 29 times
  • The average score is 9 of 11
Answer Stats
Continent Country % Correct
Europe France
100%
Africa Ivory Coast
96%
Africa Democratic Republic of the Congo
89%
Europe Monaco
89%
Africa Senegal
89%
Africa Benin
81%
Africa Congo
81%
Africa Niger
81%
Africa Gabon
78%
Africa Guinea
78%
Africa Togo
78%
No matching quizzes found
Score Distribution
Percent of People with Each Score
Percentile by Number Answered
Your Score History
You have not taken this quiz